01052nam a2200229Ia 4500003000900000008004100009020001800050040001600068080002300084111009300107245026800200260003700468300001400505490002700519650005400546700003200600700002900632710003700661942000700698999001700705952010000722IN-BaIIA211028s9999 xx 000 0 eng d a0-7923-4661-0 cIIA Library a082.2:52bIAU-S182 aSymposium of the International Astronomical Unionn182ndcFranced1997 Jan. 20-26921287 0aHerbig-Haro flows and the birth of low mass starsbproceedings of the 182nd symposium of the international astronomical union, held in Chomonix, France, 20-26 January 1997.cedited by Bo Reipurth and Claude Bertout  aDordrechtbKluwer Academicc1997 axx, 596p. aIAU Symposium; no. 182 aLow mass stars- birth, Herbig-Haro objects921288 aBertout, Claude, ed.921289 aReipurth, Bo, ed.916530 aInternational Astronomical Union cBK c12191d12191 00104070aBANbBANcGENd1997-08-06l0o082.2:52/ IAU-S182p13107r2021-11-05w1997-08-06yBK